000 00288nam a2200121Ia 4500
008 140130s9999 xx 000 0 und d
245 _cMelinda Long
_aHow I became a Pirate
260 _bScholastic,
_c2003
440 _v1
521 _aGrade 1 - Grade 2
942 _cBK
999 _c40427
_d40427